[Event "V Open FIDE"]
[Site "Forli' ITA"]
[Date "1992.09.??"]
[Round "2"]
[White "Mantovani, Renzo"]
[Black "Conquest, Stuart C."]
[WhiteElo "2340"]
[BlackElo "2495"]
[Result "0-1"]
[PlyCount "85"]
[EventDate "1992.09.12"]

1. e4 c5 2. Nf3 e6 3. d4 cxd4 4. Nxd4 a6 5. Nc3 Qc7 6. g3 Bb4 7. Nde2 Be7 8.
Bg2 Nf6 9. O-O O-O 10. h3 Nc6 11. g4 b5 12. a4 Rb8 13. axb5 axb5 14. g5 Ne8 15.
Ng3 b4 16. Nce2 Bb7 17. Nf4 Nd6 18. Re1 Nc4 19. Nd3 Ra8 20. Rxa8 Rxa8 21. b3
Na3 22. Bb2 Nb5 23. Qd2 Ncd4 24. Rc1 Bd6 25. Ne2 Nxe2+ 26. Qxe2 Be7 27. h4 Ra5
28. Qd2 Nc3 29. Qe1 Na2 30. Ra1 Qxc2 31. Qe3 Ra8 32. Qd4 Bf8 33. Qxd7 Bc6 34.
Qd4 Qxb3 35. Bf1 Nc3 36. Rxa8 Bxa8 37. Qa7 Bxe4 38. Ne5 Bg6 39. Bc1 Qd1 40. Be3
Ne2+ 41. Kg2 Qd5+ 42. f3 Qxe5 43. Bxe2 0-1

[Event "V Open FIDE"]
[Site "Forli' ITA"]
[Date "1992.09.??"]
[Round "2"]
[White "Mauro, Alan"]
[Black "Trevisani, Bruno"]
[WhiteElo "2230"]
[BlackElo "2315"]
[Result "0-1"]
[PlyCount "92"]
[EventDate "1992.09.12"]

1. e4 g6 2. d4 Bg7 3. Nc3 d6 4. Be2 Nc6 5. Be3 Nf6 6. h4 h5 7. f3 O-O 8. Nh3
Bxh3 9. Rxh3 e5 10. d5 Nd4 11. Qd2 c5 12. Nd1 Nh7 13. Bf1 Qd7 14. c3 Nb5 15.
Nf2 Nc7 16. O-O-O Ne8 17. g4 Nef6 18. Be2 Kh8 19. Rg1 Rg8 20. Rhg3 Qe7 21. Bg5
Qc7 22. Bd3 c4 23. Bc2 b5 24. Nh3 a5 25. Bh6 b4 26. Bxg7+ Rxg7 27. Ng5 Rb8 28.
Nxh7 Rxh7 29. Qg5 Qd8 30. Qe3 b3 31. axb3 cxb3 32. Bb1 a4 33. g5 Nd7 34. R3g2
Qa5 35. f4 a3 36. bxa3 Qxa3+ 37. Rb2 Nc5 38. Rgg2 Rg7 39. fxe5 dxe5 40. Rgf2
Rb7 41. Qg3 Qa1 42. Rfe2 Kh7 43. Qe3 Qa5 44. Qd2 Na4 45. c4 Qc5 46. Qd3 Qd4 0-1

[Event "V Open FIDE"]
[Site "Forli' ITA"]
[Date "1992.09.??"]
[Round "2"]
[White "Nemet, Ivan"]
[Black "Farago, Ivan"]
[WhiteElo "2400"]
[BlackElo "2510"]
[Result "0-1"]
[PlyCount "74"]
[EventDate "1992.09.12"]

1. d4 Nf6 2. c4 e6 3. Nc3 Bb4 4. Qc2 O-O 5. a3 Bxc3+ 6. Qxc3 b6 7. Nf3 Bb7 8.
b4 a5 9. b5 d6 10. Bb2 Nbd7 11. e3 Ne4 12. Qc2 Ng5 13. Nd2 f5 14. f3 e5 15. d5
f4 16. exf4 Rxf4 17. h4 Nf7 18. Bd3 Rxh4 19. Bxh7+ Kf8 20. O-O-O Rxh1 21. Rxh1
Qg5 22. g4 Ke7 23. Kb1 Rh8 24. Ne4 Qe3 25. Qd1 Nc5 26. Re1 Qd3+ 27. Qxd3 Nxd3
28. Rh1 g6 29. Bc3 Kf8 30. Kc2 Nf4 31. Rh4 Kg7 32. g5 Ne2 33. Bd2 Nd4+ 34. Kd3
Nxf3 35. Rh6 Nxh6 36. gxh6+ Kf7 37. Ke3 Nxd2 0-1

[Event "V Open FIDE"]
[Site "Forli' ITA"]
[Date "1992.09.??"]
[Round "2"]
[White "Pamuk, Murat"]
[Black "Scotto, Marco"]
[WhiteElo "2220"]
[BlackElo "2290"]
[Result "1-0"]
[PlyCount "60"]
[EventDate "1992.09.12"]

1. e4 e5 2. Nf3 Nc6 3. Bc4 Be7 4. d3 Nf6 5. Bb3 O-O 6. Nbd2 d6 7. c3 Na5 8. Bc2
c5 9. O-O Nc6 10. Re1 Re8 11. h3 Bf8 12. Nf1 g6 13. Ng3 h6 14. a3 b5 15. Nh2 d5
16. Qf3 Be6 17. exd5 Bxd5 18. Ne4 Nh7 19. Ng4 f5 20. Nef6+ Nxf6 21. Nxf6+ Qxf6
22. Qxd5+ Kh7 23. Bb3 Be7 24. f4 c4 25. dxc4 bxc4 26. Ba4 Rac8 27. fxe5 Nxe5
28. Bxe8 Rxe8 29. Be3 Rd8 30. Qb7 Rd7 1-0

[Event "V Open FIDE"]
[Site "Forli' ITA"]
[Date "1992.09.??"]
[Round "2"]
[White "Stavru, Alessandro"]
[Black "Vezzosi, Paolo"]
[WhiteElo "2235"]
[BlackElo "2325"]
[Result "1/2-1/2"]
[PlyCount "85"]
[EventDate "1992.09.12"]

1. e4 e6 2. d4 d5 3. Nc3 Nf6 4. e5 Nfd7 5. f4 c5 6. Nf3 Nc6 7. Be3 Qb6 8. Na4
Qa5+ 9. c3 b6 10. Bd2 c4 11. b4 Qb5 12. Nb2 Ne7 13. Be2 Qc6 14. a4 h6 15. O-O
Ng6 16. g4 Be7 17. f5 Ngf8 18. Qe1 Bb7 19. b5 Qc7 20. fxe6 Nxe6 21. Nh4 Bxh4
22. Qxh4 Ndf8 23. Rf5 Ng6 24. Qh5 Qe7 25. Raf1 Rg8 26. g5 hxg5 27. Bxg5 Nxg5
28. Qxg5 Bc8 29. Qxe7+ Nxe7 30. Rg5 g6 31. Bf3 Rb8 32. Nd1 Be6 33. Ne3 Kd7 34.
Bg4 a6 35. Rb1 axb5 36. Rxb5 Kc7 37. Bf3 Bd7 38. Rb4 Bc6 39. Rg2 Ra8 40. Rgb2
Ra6 41. Bd1 Rga8 42. Rf2 Rf8 43. Rf6 1/2-1/2

[Event "V Open FIDE"]
[Site "Forli' ITA"]
[Date "1992.09.??"]
[Round "2"]
[White "Valenti, Giuseppe"]
[Black "Delanoy, Arnaud"]
[WhiteElo "2265"]
[BlackElo "2215"]
[Result "1-0"]
[PlyCount "117"]
[EventDate "1992.09.12"]

1. e4 e5 2. Nf3 Nf6 3. Nxe5 d6 4. Nf3 Nxe4 5. d4 d5 6. Bd3 Bd6 7. O-O O-O 8. h3
Re8 9. c4 c6 10. Nc3 Nxc3 11. bxc3 h6 12. cxd5 cxd5 13. c4 Be6 14. c5 Bc7 15.
Rb1 b6 16. Re1 Nc6 17. Rb2 bxc5 18. dxc5 Ba5 19. Bd2 Bxd2 20. Qxd2 Qf6 21. Bb5
Rec8 22. Ba6 Rab8 23. Reb1 Rxb2 24. Rxb2 Rc7 25. Rb7 Qa1+ 26. Kh2 Ne5 27. Nxe5
Rxb7 28. Bxb7 Qxe5+ 29. f4 Qc7 30. c6 Kf8 31. Qd4 f6 32. Kg1 a5 33. f5 Bf7 34.
Qc5+ Ke8 35. Qe3+ Kf8 36. Qa3+ Ke8 37. Qe3+ Kf8 38. g3 Kg8 39. h4 Kf8 40. Qf4
Qb6+ 41. Kg2 Qb2+ 42. Kh3 Qb1 43. Qb8+ Be8 44. Qd6+ Kg8 45. Qxd5+ Bf7 46. c7
Qf1+ 47. Kh2 Bxd5 48. Bxd5+ Kh7 49. c8=Q Qf2+ 50. Kh3 Qf1+ 51. Bg2 Qf2 52. Qe6
a4 53. g4 a3 54. g5 hxg5 55. hxg5 Qd2 56. g6+ Kh6 57. Qe4 Qf2 58. Bf3 Qf1+ 59.
Kg3 1-0

[Event "V Open FIDE"]
[Site "Forli' ITA"]
[Date "1992.09.??"]
[Round "2"]
[White "Vezzani, Stefano"]
[Black "Kievelitz, Bernd"]
[WhiteElo "2061"]
[BlackElo "2265"]
[Result "1/2-1/2"]
[PlyCount "31"]
[EventDate "1992.09.12"]

1. g3 d5 2. Nf3 c5 3. Bg2 Nc6 4. O-O Nf6 5. d3 e5 6. Nbd2 h6 7. e4 Be6 8. exd5
Bxd5 9. Re1 Bd6 10. Nxe5 Bxe5 11. f4 Bxg2 12. Kxg2 O-O 13. fxe5 Qd5+ 14. Nf3
Nd7 15. c4 Qe6 16. b3 1/2-1/2

[Event "V Open FIDE"]
[Site "Forli' ITA"]
[Date "1992.09.??"]
[Round "3"]
[White "Andrienko, Anatoly"]
[Black "Mileto, Gabriele"]
[WhiteElo "2230"]
[BlackElo "2240"]
[Result "1-0"]
[PlyCount "41"]
[EventDate "1992.09.12"]

1. e4 e5 2. Nf3 Nc6 3. Nc3 Nf6 4. d4 exd4 5. Nxd4 Bb4 6. Nxc6 bxc6 7. Bd3 d5 8.
exd5 cxd5 9. O-O O-O 10. Bg5 Be6 11. Ne2 h6 12. Bh4 Bd6 13. Nd4 Re8 14. Bb5 Bg4
15. Qd3 Bd7 16. Bxd7 Qxd7 17. Bxf6 gxf6 18. Nf5 Re4 19. Qh3 Qe6 20. Nxh6+ Kg7
21. Nf5+ 1-0

[Event "V Open FIDE"]
[Site "Forli' ITA"]
[Date "1992.09.??"]
[Round "3"]
[White "Arlandi, Ennio"]
[Black "Giorgadze, Giorgi"]
[WhiteElo "2435"]
[BlackElo "2525"]
[Result "1-0"]
[PlyCount "85"]
[EventDate "1992.09.12"]

1. d4 d5 2. c4 e6 3. Nc3 Bb4 4. Nf3 Nf6 5. cxd5 exd5 6. Bg5 Nbd7 7. e3 c5 8.
Bd3 c4 9. Bc2 Qa5 10. O-O h6 11. Bh4 Bxc3 12. bxc3 Qxc3 13. Rc1 Qa3 14. Ne5 O-O
15. Nxd7 Nxd7 16. e4 dxe4 17. Bxe4 Nb6 18. Re1 Qxa2 19. Qf3 Qb3 20. Rc3 Qb5 21.
Bf6 Nd7 22. Bxg7 Kxg7 23. Qf4 Nf6 24. Rg3+ Bg4 25. Bf5 Rae8 26. Re5 Qb6 27. h3
Re6 28. Rxe6 fxe6 29. Bxg4 Kh7 30. Bf3 a5 31. d5 c3 32. Kh2 exd5 33. Bxd5 c2
34. Bc4 Rd8 35. Qf5+ Kh8 36. Qg6 Ng4+ 37. Qxg4 Qc7 38. Qg6 Qxg3+ 39. fxg3 c1=Q
40. Qf6+ Kh7 41. Qf7+ Kh8 42. Qf6+ Kh7 43. Qe7+ 1-0

[Event "V Open FIDE"]
[Site "Forli' ITA"]
[Date "1992.09.??"]
[Round "3"]
[White "Aurel, Luc"]
[Black "Pieri, Filippo"]
[WhiteElo "2225"]
[BlackElo "2235"]
[Result "1/2-1/2"]
[PlyCount "96"]
[EventDate "1992.09.12"]

1. g3 c5 2. Bg2 Nc6 3. d3 g6 4. e4 Bg7 5. Nd2 d6 6. Ne2 e6 7. O-O Nge7 8. c3
O-O 9. f4 b6 10. Nf3 Bb7 11. g4 d5 12. e5 Qd7 13. g5 Rfd8 14. Ng3 Nf5 15. Nxf5
gxf5 16. h4 d4 17. c4 b5 18. b3 bxc4 19. bxc4 Rab8 20. Rf2 Bf8 21. h5 Be7 22.
Bf1 Kh8 23. a3 Ba8 24. Raa2 Rb1 25. Rg2 Na5 26. Nd2 Rxc1 27. Qxc1 Bxg2 28. Bxg2
Rb8 29. Rb2 Qc7 30. h6 Rb6 31. Qb1 Bd8 32. Rxb6 Qxb6 33. Qb5 Qxb5 34. cxb5 Kg8
35. Kf1 Be7 36. a4 Kf8 37. Ke2 Bd8 38. Kd1 Ke7 39. Bf3 Bb6 40. Kc2 Bd8 41. Bh5
Kf8 42. Bd1 Bb6 43. Be2 Bc7 44. Nf1 Bd8 45. Ng3 Bb6 46. Nh5 Bd8 47. Bf1 Be7 48.
Ng7 Bd8 1/2-1/2

[Event "V Open FIDE"]
[Site "Forli' ITA"]
[Date "1992.09.??"]
[Round "3"]
[White "Belotti, Bruno"]
[Black "Caposciutti, Maurizio"]
[WhiteElo "2405"]
[BlackElo "2305"]
[Result "1/2-1/2"]
[PlyCount "105"]
[EventDate "1992.09.12"]

1. e4 c5 2. Nf3 Nc6 3. d4 cxd4 4. Nxd4 Nf6 5. Nc3 d6 6. Be2 e5 7. Nf3 h6 8. O-O
Be7 9. Re1 O-O 10. h3 a6 11. a4 Be6 12. Bf1 Nb8 13. a5 Nbd7 14. Nd5 Nxd5 15.
exd5 Bf5 16. c4 Bg6 17. b4 e4 18. Nd2 f5 19. Nb3 Bf6 20. Nd4 Be5 21. Ne6 Qf6
22. Bf4 Bxf4 23. Nxf4 Bf7 24. Ra2 Qc3 25. Qd2 Qxd2 26. Rxd2 Rfc8 27. Rc1 Nf6
28. Ne2 Kf8 29. f4 exf3 30. gxf3 g5 31. Nd4 Nxd5 32. Nxf5 Nxb4 33. Rxd6 Nc6 34.
Rxh6 Nxa5 35. c5 Kg8 36. Ne7+ Kg7 37. Nxc8 Kxh6 38. Nd6 Bd5 39. Kf2 Rf8 40. Rc3
Rf4 41. Kg3 Kg7 42. h4 Kf6 43. hxg5+ Kxg5 44. Re3 Nc6 45. Nxb7 a5 46. Bh3 a4
47. Nd8 Rxf3+ 48. Rxf3 Bxf3 49. Kxf3 a3 50. Be6 Nxd8 51. Bb3 Kf5 52. Ke3 Ke5
53. Kd3 1/2-1/2

[Event "V Open FIDE"]
[Site "Forli' ITA"]
[Date "1992.09.??"]
[Round "3"]
[White "Brancaleoni, Maurizio"]
[Black "Stavru, Alessandro"]
[WhiteElo "2004"]
[BlackElo "2235"]
[Result "0-1"]
[PlyCount "68"]
[EventDate "1992.09.12"]

1. d4 d5 2. c4 e6 3. Nc3 Nf6 4. cxd5 exd5 5. Bg5 Be7 6. e3 c6 7. Bd3 O-O 8.
Nge2 Re8 9. O-O Nbd7 10. Qc2 Nf8 11. f3 Ng6 12. Rad1 Nh5 13. Bxe7 Qxe7 14. e4
dxe4 15. fxe4 Bg4 16. Rf2 Rad8 17. Rdf1 Rf8 18. h3 Be6 19. e5 c5 20. g4 cxd4
21. gxh5 Nxe5 22. Bxh7+ Kh8 23. Qe4 dxc3 24. Qxe5 Kxh7 25. h6 gxh6 26. Rf6 Rg8+
27. Kh1 Bd5+ 28. Qxd5 Rxd5 29. Rxf7+ Qxf7 30. Rxf7+ Rg7 31. Rxg7+ Kxg7 32. Nxc3
Rd2 33. b3 Rc2 34. Nb5 Rxa2 0-1

[Event "V Open FIDE"]
[Site "Forli' ITA"]
[Date "1992.09.??"]
[Round "3"]
[White "Caruso, Augusto"]
[Black "Manca, Federico"]
[WhiteElo "2235"]
[BlackElo "2390"]
[Result "1/2-1/2"]
[PlyCount "43"]
[EventDate "1992.09.12"]

1. e4 d6 2. d4 Nf6 3. Nc3 g6 4. f4 Bg7 5. Nf3 O-O 6. Bd3 Na6 7. O-O c5 8. d5
Bg4 9. Qe1 Nb4 10. a3 Nxd3 11. cxd3 Rb8 12. Qh4 b5 13. e5 Bxf3 14. Rxf3 b4 15.
axb4 dxe5 16. fxe5 Rxb4 17. Ne4 Nxe4 18. dxe4 Qb8 19. e6 Qe5 20. Qxe7 Rxe4 21.
exf7+ Kh8 22. Qxe5 1/2-1/2

[Event "V Open FIDE"]
[Site "Forli' ITA"]
[Date "1992.09.??"]
[Round "3"]
[White "Conquest, Stuart C."]
[Black "Hodgson, Julian M."]
[WhiteElo "2495"]
[BlackElo "2555"]
[Result "0-1"]
[PlyCount "112"]
[EventDate "1992.09.12"]

1. d4 Nf6 2. Nf3 d6 3. g3 Nbd7 4. c4 e5 5. Bg2 Be7 6. O-O O-O 7. Qc2 c6 8. Nc3
Re8 9. Rd1 Bf8 10. b3 Qc7 11. Bb2 g6 12. e3 Rb8 13. a4 a5 14. Rd2 Ra8 15. Rc1
exd4 16. Nxd4 Qb6 17. h3 Nc5 18. Kh2 Bd7 19. e4 Rad8 20. Re1 Bc8 21. Qd1 h5 22.
f4 Bh6 23. Qf3 Bg7 24. Qd1 Re7 25. e5 Rde8 26. Nxc6 bxc6 27. Rxd6 h4 28. g4
Nxb3 29. Rf1 Re6 30. Nb5 Nd7 31. Rxe6 Rxe6 32. Nd6 Nbc5 33. Bd4 Qc7 34. g5 Bf8
35. Nxc8 Qxc8 36. Qg4 Nxa4 37. Qxh4 Nac5 38. Qg3 Qa6 39. Qc3 a4 40. h4 a3 41.
h5 Qa4 42. Bh3 Re7 43. Re1 Ne6 44. hxg6 fxg6 45. Qd3 Nxf4 46. Qe4 Qxc4 47. Qxf4
Bg7 48. e6 Nf8 49. Re4 Qc2+ 50. Kg3 Bxd4 51. Rxd4 Qc3+ 52. Kg2 a2 53. Rd8 Qb2+
54. Kg3 Qg7 55. Qf1 a1=Q 56. Rxf8+ Kh7 0-1

[Event "V Open FIDE"]
[Site "Forli' ITA"]
[Date "1992.09.??"]
[Round "3"]
[White "Lagrotteria, Salvatore"]
[Black "Kievelitz, Bernd"]
[WhiteElo "2250"]
[BlackElo "2265"]
[Result "1-0"]
[PlyCount "129"]
[EventDate "1992.09.12"]

1. Nf3 e6 2. g3 d5 3. Bg2 c5 4. O-O Nc6 5. d3 Bd6 6. Nbd2 Nge7 7. e4 O-O 8. Re1
Qc7 9. c3 Bd7 10. Qe2 f6 11. a3 a5 12. a4 Rae8 13. Nb1 dxe4 14. dxe4 e5 15. Na3
Na7 16. Rd1 Be6 17. Nd2 Nec8 18. Nac4 Rd8 19. Ne3 Nb6 20. Ndc4 Nxc4 21. Nxc4
Nc8 22. Bf3 Be7 23. Rxd8 Rxd8 24. Bg4 Bf7 25. Ne3 Kh8 26. c4 Nb6 27. b3 Nc8 28.
Bxc8 Rxc8 29. Bd2 b6 30. Rd1 Rd8 31. Bc3 Kg8 32. Rxd8+ Qxd8 33. Qd2 Qxd2 34.
Bxd2 Kf8 35. Kf1 Be6 36. f4 g6 37. f5 gxf5 38. exf5 Bd7 39. Ke2 Bd8 40. h3 Ke7
41. g4 Bc6 42. h4 Be4 43. Bc1 Kf7 44. Kd2 Bf3 45. Kd3 e4+ 46. Kc2 Bc7 47. Nd5
Bg3 48. g5 Bxh4 49. Nxf6 Kg7 50. Nd7 Bg3 51. Nxb6 Bf2 52. Nd5 Bd4 53. Bf4 Bg4
54. f6+ Kf7 55. Kd2 Bf5 56. Bc7 e3+ 57. Nxe3 Bxe3+ 58. Kxe3 Bc2 59. Bxa5 Bxb3
60. Bb6 Bxc4 61. Bxc5 Kg6 62. Kf4 h6 63. gxh6 Kxf6 64. Bd4+ Kg6 65. Bg7 1-0

[Event "V Open FIDE"]
[Site "Forli' ITA"]
[Date "1992.09.??"]
[Round "3"]
[White "Rashkovsky, Nukhim N."]
[Black "Godena, Michele"]
[WhiteElo "2530"]
[BlackElo "2435"]
[Result "1-0"]
[PlyCount "59"]
[EventDate "1992.09.12"]

1. d4 d5 2. Nf3 c6 3. c4 e6 4. e3 Nf6 5. Bd3 Nbd7 6. O-O Be7 7. Qe2 O-O 8. Rd1
b6 9. Nc3 Bb7 10. b3 Qc7 11. Bb2 Rad8 12. Rac1 Qb8 13. h3 Rfe8 14. a3 c5 15.
cxd5 exd5 16. Bb5 Bd6 17. Na4 Ne4 18. Ne5 Bxe5 19. dxe5 Re7 20. f3 Ng5 21. f4
Ne4 22. b4 Rc8 23. Nc3 Nxc3 24. Bxc3 Qa8 25. Qg4 Bc6 26. Bd3 Rce8 27. h4 Nf8
28. h5 Qc8 29. Qg3 h6 30. f5 1-0

[Event "V Open FIDE"]
[Site "Forli' ITA"]
[Date "1992.09.??"]
[Round "3"]
[White "Scotto, Marco"]
[Black "Vezzani, Stefano"]
[WhiteElo "2290"]
[BlackElo "2061"]
[Result "1-0"]
[PlyCount "50"]
[EventDate "1992.09.12"]

1. e4 g6 2. d4 Bg7 3. Nc3 d6 4. f4 c6 5. Nf3 Bg4 6. Be3 Qb6 7. Qd2 Bxf3 8. gxf3
Nd7 9. Bh3 Qc7 10. a4 e6 11. Rg1 Ne7 12. a5 Nf6 13. Qf2 d5 14. Qh4 Nh5 15. Ne2
Bh6 16. Bg4 Bxf4 17. Nxf4 Nxf4 18. Qf6 Qd6 19. Bxf4 Qb4+ 20. Bd2 Qxb2 21. Qxh8+
Kd7 22. Qxa8 Qxa1+ 23. Kf2 Qxd4+ 24. Be3 Qb2 25. Qxa7 f5 1-0

[Event "V Open FIDE"]
[Site "Forli' ITA"]
[Date "1992.09.??"]
[Round "3"]
[White "Tocchioni, Doriano"]
[Black "Thorhallsson, Throstur"]
[WhiteElo "2240"]
[BlackElo "2445"]
[Result "1/2-1/2"]
[PlyCount "27"]
[EventDate "1992.09.12"]

1. d4 d5 2. c4 c6 3. Nc3 Nf6 4. Nf3 e6 5. Bg5 h6 6. Bh4 dxc4 7. a4 g5 8. Bg3
Bb4 9. e3 b5 10. Be2 Ne4 11. Qc2 Nxg3 12. fxg3 Bb7 13. O-O Bxc3 14. bxc3
1/2-1/2

[Event "V Open FIDE"]
[Site "Forli' ITA"]
[Date "1992.09.??"]
[Round "3"]
[White "Trevisani, Bruno"]
[Black "Palac, Mladen"]
[WhiteElo "2315"]
[BlackElo "2505"]
[Result "1-0"]
[PlyCount "83"]
[EventDate "1992.09.12"]

1. c4 e6 2. g3 d5 3. Nf3 Nf6 4. Bg2 dxc4 5. Qc2 Nbd7 6. a4 c5 7. Na3 b6 8. Nxc4
Bb7 9. O-O Be7 10. d3 O-O 11. Qb3 a6 12. e4 Ne8 13. Bf4 Rc8 14. Rfe1 Bf6 15.
Rad1 Bc6 16. d4 b5 17. axb5 axb5 18. Nce5 Bxe5 19. dxe5 Qc7 20. h4 Qb7 21. Ng5
Ra8 22. Bh3 Nc7 23. Rd6 Nb6 24. Qc2 Nc4 25. b3 Nxd6 26. exd6 Na6 27. e5 g6 28.
h5 Nb4 29. Qb1 Bd5 30. hxg6 hxg6 31. Bd2 Ra3 32. Ne4 Rxb3 33. Nf6+ Kg7 34. Qc1
Rh8 35. d7 Nc6 36. Ne8+ Kg8 37. Nf6+ Kg7 38. Ne8+ Kg8 39. Bh6 Rh7 40. Nf6+ Kh8
41. Nxh7 Kxh7 42. Bf8 1-0

[Event "V Open FIDE"]
[Site "Forli' ITA"]
[Date "1992.09.??"]
[Round "3"]
[White "Valenti, Giuseppe"]
[Black "Fedorov, Vladislav"]
[WhiteElo "2265"]
[BlackElo "2405"]
[Result "1/2-1/2"]
[PlyCount "126"]
[EventDate "1992.09.12"]

1. e4 e5 2. Nf3 Nc6 3. Bb5 Nf6 4. O-O Nxe4 5. d4 Be7 6. dxe5 O-O 7. Qd5 Nc5 8.
Be3 a6 9. Be2 Ne6 10. Nc3 f6 11. Rad1 fxe5 12. Nxe5 Nxe5 13. Qxe5 Bf6 14. Qe4
c6 15. Bg4 Ng5 16. Qc4+ Kh8 17. Bc5 Be7 18. Rfe1 Bxc5 19. Qxc5 d5 20. Bxc8 Rxc8
21. Re7 b6 22. Qe3 h6 23. Rb7 b5 24. Qe7 Qxe7 25. Rxe7 Kg8 26. Rde1 a5 27. h4
Nf7 28. Ne2 Nd6 29. Nd4 c5 30. Ne6 Rf7 31. Rxf7 Kxf7 32. Nf4 d4 33. Re6 Rd8 34.
Re5 Rc8 35. Rd5 Ke7 36. Re5+ Kd7 37. Ne6 Nc4 38. Rxc5 Rxc5 39. Nxc5+ Kc6 40.
Nd3 Kd5 41. Kf1 Nd6 42. Ke2 a4 43. h5 a3 44. bxa3 Nc4 45. Nf4+ Ke4 46. Ne6 Nxa3
47. Kd1 Nb1 48. Nxg7 Nc3+ 49. Kd2 Nb1+ 50. Kd1 Nc3+ 51. Kd2 Nb1+ 52. Kc1 Nc3
53. a3 b4 54. axb4 Na2+ 55. Kd2 Nxb4 56. f3+ Ke5 57. g4 Nc6 58. Nf5 Kf4 59.
Nxh6 Ne5 60. Nf5 Nxf3+ 61. Kd3 Kxg4 62. Nxd4 Ne5+ 63. Ke4 Nf7 1/2-1/2

[Event "V Open FIDE"]
[Site "Forli' ITA"]
[Date "1992.09.??"]
[Round "3"]
[White "Vezzosi, Paolo"]
[Black "Wagman, Stuart"]
[WhiteElo "2325"]
[BlackElo "2215"]
[Result "0-1"]
[PlyCount "130"]
[EventDate "1992.09.12"]

1. d4 d5 2. Nf3 Nf6 3. c4 dxc4 4. e3 Bg4 5. Bxc4 e6 6. Nc3 a6 7. O-O Nc6 8. Bd3
Be7 9. a3 O-O 10. b4 e5 11. d5 Na7 12. Bb2 Bd6 13. h3 Bh5 14. e4 c6 15. Re1 Re8
16. Be2 Bg6 17. Bc4 b5 18. Bf1 cxd5 19. exd5 Qb6 20. Nh4 Rad8 21. Nxg6 hxg6 22.
Qf3 Nc8 23. Bd3 Bb8 24. Red1 Nd6 25. Re1 Ba7 26. Be4 Nfxe4 27. Nxe4 Nxe4 28.
Rxe4 Rxd5 29. Re2 Qd6 30. Rae1 Bd4 31. Bxd4 Rxd4 32. Qg3 Rd1 33. Kh2 Rxe1 34.
Rxe1 Qd4 35. Qe3 Qxe3 36. Rxe3 Re6 37. Rc3 g5 38. Rc8+ Kh7 39. Kg3 Kg6 40. Kf3
e4+ 41. Ke2 f5 42. Rc5 Kf6 43. Rc3 g6 44. f3 Ke5 45. fxe4 Kxe4 46. Kd2 Rd6+ 47.
Ke2 Re6 48. Kd2 Kf4 49. Rf3+ Ke5 50. Re3+ Kf6 51. Rc3 Kg7 52. Rf3 Re4 53. Rc3
g4 54. hxg4 Rxg4 55. g3 f4 56. Rc7+ Kh6 57. gxf4 Rxf4 58. Rc6 Rf5 59. Rxa6 Kh5
60. Rc6 Rf3 61. Ke2 Rxa3 62. Rb6 g5 63. Rxb5 Kh4 64. Re5 g4 65. Re3 Rxe3+ 0-1

[Event "V Open FIDE"]
[Site "Forli' ITA"]
[Date "1992.09.??"]
[Round "4"]
[White "Arduman, Can"]
[Black "Pamuk, Murat"]
[WhiteElo "2405"]
[BlackElo "2220"]
[Result "1/2-1/2"]
[PlyCount "110"]
[EventDate "1992.09.12"]

1. d4 Nf6 2. Nf3 g6 3. c4 c5 4. Nc3 cxd4 5. Nxd4 Nc6 6. g3 Bg7 7. Bg2 O-O 8.
O-O Nxd4 9. Qxd4 d6 10. Qd3 Bf5 11. e4 Be6 12. b3 Qa5 13. Be3 Ng4 14. Bd2 Qh5
15. h4 Ne5 16. Qe2 Qxe2 17. Nxe2 Bg4 18. Nf4 Nf3+ 19. Bxf3 Bxf3 20. Rae1 Bh6
21. Be3 Bxf4 22. Bxf4 Bg4 23. f3 Be6 24. Be3 a6 25. Bb6 Rac8 26. a4 Rc6 27. a5
Rcc8 28. Kf2 Bd7 29. e5 dxe5 30. Rxe5 e6 31. Rd1 Bc6 32. h5 Rfe8 33. hxg6 hxg6
34. Rd6 Kf8 35. g4 f6 36. Rexe6 Rxe6 37. Rxe6 Kf7 38. Rd6 Re8 39. Rd1 Re6 40.
Bc5 Re8 41. Rd3 Rh8 42. Kg2 Re8 43. Be3 Re7 44. Kf2 Rd7 45. Bd4 g5 46. b4 Kg6
47. Rd2 f5 48. gxf5+ Kxf5 49. Ke3 Re7+ 50. Kf2 Rd7 51. Rd3 g4 52. b5 axb5 53.
cxb5 Bxb5 54. Rb3 Bc6 55. fxg4+ Kxg4 1/2-1/2

[Event "V Open FIDE"]
[Site "Forli' ITA"]
[Date "1992.09.??"]
[Round "4"]
[White "Arlandi, Ennio"]
[Black "Rashkovsky, Nukhim N."]
[WhiteElo "2435"]
[BlackElo "2530"]
[Result "1-0"]
[PlyCount "71"]
[EventDate "1992.09.12"]

1. d4 d6 2. Nf3 Bg4 3. c4 Bxf3 4. gxf3 c6 5. Nc3 g6 6. Bg2 Bg7 7. O-O Nf6 8. e4
O-O 9. f4 e6 10. e5 Ne8 11. b3 Kh8 12. Ba3 Rg8 13. Ne4 d5 14. Ng5 Qd7 15. Rc1
h6 16. Rc3 Bf8 17. Bxf8 Rxf8 18. Nf3 Qe7 19. Ne1 Ng7 20. Nc2 Nd7 21. Rh3 Kh7
22. Ne3 f5 23. Bf3 Rad8 24. Kh1 dxc4 25. bxc4 g5 26. fxg5 Nxe5 27. gxh6 Ne8 28.
Rg1 Kh8 29. Bh5 Nf6 30. Rg7 Qb4 31. Qg1 Neg4 32. Bxg4 fxg4 33. Nxg4 Nxg4 34.
Rxg4 Qxc4 35. h7 Qd5+ 36. f3 1-0

[Event "V Open FIDE"]
[Site "Forli' ITA"]
[Date "1992.09.??"]
[Round "4"]
[White "Bezzi, Massimo"]
[Black "Delanoy, Arnaud"]
[WhiteElo "1900"]
[BlackElo "2215"]
[Result "0-1"]
[PlyCount "88"]
[EventDate "1992.09.12"]

1. e4 e5 2. Nf3 Nf6 3. Nxe5 d6 4. Nf3 Nxe4 5. d4 d5 6. Bd3 Bd6 7. c4 c6 8. Nc3
O-O 9. O-O Nxc3 10. bxc3 Bg4 11. c5 Bc7 12. Bc2 Bh5 13. Re1 Nd7 14. Qd3 Bg6 15.
Qe2 Re8 16. Be3 Nf6 17. Bxg6 hxg6 18. Ng5 Ne4 19. Nxe4 Rxe4 20. Qf3 Qf6 21.
Qxf6 gxf6 22. Kf1 Rae8 23. Rab1 b6 24. cxb6 axb6 25. a4 Ra8 26. Ra1 f5 27. g3
f6 28. Reb1 Kf7 29. Bf4 Bd8 30. h4 Re7 31. f3 Rea7 32. g4 fxg4 33. fxg4 g5 34.
hxg5 fxg5 35. Be5 Rxa4 36. Rxa4 Rxa4 37. Ke2 Ra2+ 38. Kd3 Rg2 39. Rh1 Rxg4 40.
Rh6 c5 41. dxc5 bxc5 42. Rd6 c4+ 43. Kd2 Bc7 44. Rf6+ Ke7 0-1

[Event "V Open FIDE"]
[Site "Forli' ITA"]
[Date "1992.09.??"]
[Round "4"]
[White "Cvitan, Ognjen"]
[Black "Malaniuk, Vladimir P."]
[WhiteElo "2550"]
[BlackElo "2540"]
[Result "0-1"]
[PlyCount "94"]
[EventDate "1992.09.12"]

1. d4 f5 2. g3 Nf6 3. Bg2 d6 4. Nf3 g6 5. O-O Bg7 6. c4 O-O 7. Nc3 Qe8 8. d5
Na6 9. Rb1 c5 10. Bd2 Bd7 11. Qc1 Nc7 12. Bh6 Qf7 13. b3 Bxh6 14. Qxh6 Qg7 15.
Qd2 h6 16. Ne1 Rab8 17. a4 a6 18. a5 b5 19. axb6 Rxb6 20. Nd3 Rfb8 21. Qc2 Kh8
22. Rb2 Ng4 23. Rfb1 Ne5 24. Na4 Nxd3 25. Nxb6 Nb4 26. Nxd7 Nxc2 27. Nxb8 Na3
28. b4 cxb4 29. Rxb4 a5 30. Rb7 Nxb1 31. Rxb1 a4 32. Rb7 Ne8 33. Nc6 Qa1+ 34.
Bf1 Nf6 35. Nxe7 Ne4 36. Nxg6+ Kg8 37. Ne7+ Kf8 38. Nxf5 Nd2 39. Rb8+ Kf7 40.
Rb7+ Kf6 41. Ne3 a3 42. Rd7 Ne4 43. Ng4+ Kg6 44. f3 Nd2 45. Rxd6+ Kf7 46. Ne3
Qd4 47. Kf2 Nxc4 0-1

[Event "V Open FIDE"]
[Site "Forli' ITA"]
[Date "1992.09.??"]
[Round "4"]
[White "Drei, Andrea"]
[Black "Belotti, Bruno"]
[WhiteElo "2280"]
[BlackElo "2405"]
[Result "0-1"]
[PlyCount "80"]
[EventDate "1992.09.12"]

1. e4 c5 2. Nf3 d6 3. d4 cxd4 4. Nxd4 Nf6 5. Nc3 a6 6. Be3 e6 7. Be2 Qc7 8. a4
b6 9. f4 Bb7 10. Bf3 Nbd7 11. Nb3 Be7 12. Qe2 O-O 13. O-O Nc5 14. Nd2 Rad8 15.
Bf2 Rfe8 16. Rac1 e5 17. Qc4 Qb8 18. b4 Nxa4 19. Nxa4 b5 20. Qa2 bxa4 21. Qxa4
exf4 22. c4 Nd7 23. c5 dxc5 24. bxc5 Nxc5 25. Bxc5 Bxc5+ 26. Rxc5 Rxd2 27. Rb1
Red8 28. Qb4 Qa7 29. Qb6 Qxb6 30. Rxb6 R2d7 31. Rc4 g5 32. Bg4 Re7 33. Bf5 Rde8
34. Rc5 Kg7 35. Kf2 h6 36. Kf3 Bxe4+ 37. Bxe4 Rxe4 38. Rxa6 Re2 39. Ra7 R8e3+
40. Kg4 Kg6 0-1

[Event "V Open FIDE"]
[Site "Forli' ITA"]
[Date "1992.09.??"]
[Round "4"]
[White "Fedorov, Vladislav"]
[Black "Caruso, Augusto"]
[WhiteElo "2405"]
[BlackElo "2235"]
[Result "1-0"]
[PlyCount "67"]
[EventDate "1992.09.12"]

1. e4 e5 2. Nf3 Nc6 3. Bb5 f5 4. Bxc6 dxc6 5. Qe2 Bd6 6. Nc3 fxe4 7. Nxe4 Nf6
8. d4 Qe7 9. dxe5 Bxe5 10. Nxe5 Qxe5 11. Nxf6+ gxf6 12. Bf4 Qxe2+ 13. Kxe2 Bf5
14. c3 O-O-O 15. f3 Rd7 16. Kf2 Re8 17. Rhe1 Rde7 18. Rxe7 Rxe7 19. Rd1 b6 20.
g4 Bg6 21. b4 Bf7 22. a3 Bc4 23. Be3 a6 24. Rd4 Be6 25. Rf4 Rf7 26. Bd4 f5 27.
g5 Bd7 28. Kg3 Rf8 29. Rh4 Rf7 30. Kf4 Kd8 31. Bf6+ Ke8 32. Ke5 b5 33. Rd4 Kf8
34. h4 1-0